000 00656nam a2200241 i 4500
001 C2-0116350
003 PPAK
005 20180727105754.0
008 970720s1995 my |||| ||||| | may d
020 _a9836242236
040 _aPPAK
_beng
_cPPAK
_erda
082 0 4 _a304.6
_223
090 0 0 _a304.6
_bMOH
_dG
100 0 _aMohd. Shamsuddin Zahid Sopian,
_eauthor
245 1 0 _aAsas analisis demografi
264 1 _aKuala Lumpur :
_bDewan Bahasa dan Pustaka ,
_c1995
300 _axiii, 114 pages ;
_c22 cm
336 _2rdacontent
_atext
337 _2rdamedia
_aunmediated
338 _2rdacarrier
_avolume
650 1 0 _aDemography
942 _ddc
_cB
999 _c30545
_d30545